000 00388nam a2200133Ia 4500
005 20260328104322.0
008 260328s9999||||xx |||||||||||||| ||und||
100 _aCicero, Nuria
245 0 _aLiderar equiposvirtuales :
_bguía Práctica para empresarios y ejecutivos /
_cNuria Cicero
260 _bHarvard Busines Review
300 _a95 p.
650 _aDISEÑO INDUSTRIAL
942 _cBK
999 _c11388
_d11388